[Event "22nd ETCC Women 2019"]
[Site "Batumi"]
[Date "2019.10.28"]
[Round "5.1"]
[White "Tsolakidou, Stavroula"]
[Black "Koridze, Lile"]
[Result "1/2-1/2"]
[WhiteElo "2431"]
[BlackElo "1988"]
[Annotator "NA"]
[PlyCount "70"]
[EventDate "2019.10.24"]
[EventType "team-tourn"]
[EventCountry "GEO"]
[SourceTitle "playchess.com"]
[Source "ChessBase"]
[SourceQuality "1"]
[WhiteTeam "Greece"]
[BlackTeam "Georgia"]
[WhiteTeamCountry "GRE"]
[BlackTeamCountry "GEO"]
[TimeControl "40/5400+30:1800+30"]

1. e4 {[%emt 0:00:00]} c5 {[%emt 0:00:00]} 2. Nf3 {[%emt 0:00:00]} d6 {[%emt 0:00:00]} 3. d4 {[%emt 0:00:00]} cxd4 {[%emt 0:00:00]} 4. Nxd4 {[%emt 0:00:00]} Nf6 {[%emt 0:00:00]} 5. Nc3 {[%emt 0:00:06]} Nc6 {[%emt 0:00:00]} 6. Bg5 {[%emt 0:00:08]} e6 {[%emt 0:00:04]} 7. Qd2 {[%emt 0:00:12]} a6 {[%emt 0:00:07]} 8. O-O-O {[%emt 0:00:38]} Bd7 {[%emt 0:00:04]} 9. f4 {[%emt 0:03:04]} b5 {[%emt 0:00:26]} 10. Bxf6 {[%emt 0:07:35]} gxf6 {[%emt 0:01:17]} 11. Kb1 {[%emt 0:05:20]} h5 {[%emt 0:05:07]} 12. Nxc6 {[%emt 0:09:52]} Bxc6 {[%emt 0:00:05]} 13. Qe1 {[%emt 0:03:01]} Bh6 {[%emt 0:07:42]} 14. g3 {[%emt 0:06:04]} Qe7 {[%emt 0:05:05]} 15. Bg2 {[%emt 0:03:18]} O-O-O {[%emt 0:05:30]} 16. Qf2 {[%emt 0:04:39]} Qb7 {[%emt 0:04:00]} 17. Rd4 {[%emt 0:08:03]} f5 {[%emt 0:10:05]} 18. Rhd1 {[%emt 0:09:26]} Bf8 {[%emt 0:04:12]} 19. Qd2 {[%emt 0:04:32]} Be7 {[%emt 0:01:50]} 20. Bh3 {[%emt 0:05:16]} Bf6 {[%emt 0:07:07]} 21. exf5 {[%emt 0:07:27]} Bxd4 {[%emt 0:00:30]} 22. Qxd4 {[%emt 0:01:10]} Rhe8 {[%emt 0:02:51]} 23. fxe6 {[%emt 0:00:25]} fxe6 {[%emt 0:00:09]} 24. Qf6 {[%emt 0:05:12]} Qe7 {[%emt 0:23:34]} 25. Qg6 {[%emt 0:00:06]} Kb8 {[%emt 0:01:22]} 26. Qxh5 {[%emt 0:02:43]} Rh8 {[%emt 0:01:34]} 27. Qg4 {[%emt 0:00:05]} Qh7 {[%emt 0:04:36]} 28. Bf1 {[%emt 0:01:17]} Qxh2 {[%emt 0:00:22]} 29. Qxe6 {[%emt 0:01:37]} Qxg3 {[%emt 0:00:44]} 30. Qf6 {[%emt 0:07:37]} Qe3 {[%emt 0:04:32]} 31. a3 {[%emt 0:04:24]} Rhf8 {[%emt 0:03:06]} 32. Qd4 {[%emt 0:00:05]} Qxd4 {[%emt 0:00:51]} 33. Rxd4 {[%emt 0:00:04]} Rde8 {[%emt 0:02:45]} 34. Bd3 {[%emt 0:01:16]} Kc7 {[%emt 0:01:01]} 35. b3 {[%emt 0:00:26]} Re1+ {[%emt 0:01:33]} 1/2-1/2

[Event "22nd ETCC Women 2019"]
[Site "Batumi"]
[Date "2019.10.28"]
[Round "5.2"]
[White "Pipia, Ekaterine"]
[Black "Avramidou, Anastasia"]
[Result "0-1"]
[WhiteElo "1935"]
[BlackElo "2247"]
[Annotator "NA"]
[PlyCount "106"]
[EventDate "2019.10.24"]
[EventType "team-tourn"]
[EventCountry "GEO"]
[SourceTitle "playchess.com"]
[Source "ChessBase"]
[SourceQuality "1"]
[WhiteTeam "Georgia"]
[BlackTeam "Greece"]
[WhiteTeamCountry "GEO"]
[BlackTeamCountry "GRE"]
[TimeControl "40/5400+30:1800+30"]

1. d4 {[%emt 0:00:00]} d5 {[%emt 0:00:00]} 2. c4 {[%emt 0:00:00]} e6 {[%emt 0:00:00]} 3. Nf3 {[%emt 0:00:00]} Nf6 {[%emt 0:00:18]} 4. Nc3 {[%emt 0:00:00]} a6 {[%emt 0:00:09]} 5. cxd5 {[%emt 0:00:59]} exd5 {[%emt 0:00:08]} 6. Bg5 {[%emt 0:00:33]} Be6 {[%emt 0:00:08]} 7. e3 {[%emt 0:01:00]} Nbd7 {[%emt 0:00:09]} 8. Bd3 {[%emt 0:01:17]} h6 {[%emt 0:00:08]} 9. Bh4 {[%emt 0:00:35]} g5 {[%emt 0:00:11]} 10. Bg3 {[%emt 0:01:09]} Nh5 {[%emt 0:00:12]} 11. Be5 {[%emt 0:05:02]} Ng7 {[%emt 0:00:14]} 12. h3 {[%emt 0:03:10]} c6 {[%emt 0:00:42]} 13. Bh2 {[%emt 0:03:25]} Bf5 {[%emt 0:09:08]} 14. O-O {[%emt 0:01:49]} Bxd3 {[%emt 0:21:55]} 15. Qxd3 {[%emt 0:00:02]} Be7 {[%emt 0:00:16]} 16. e4 {[%emt 0:05:58]} dxe4 {[%emt 0:14:19]} 17. Nxe4 {[%emt 0:01:45]} O-O {[%emt 0:00:17]} 18. d5 {[%emt 0:06:25]} f5 {[%emt 0:07:13]} 19. d6 {[%emt 0:06:35]} fxe4 {[%emt 0:02:24]} 20. Qc4+ {[%emt 0:03:05]} Rf7 {[%emt 0:07:58]} 21. dxe7 {[%emt 0:01:12]} Qxe7 {[%emt 0:00:06]} 22. Rfe1 {[%emt 0:02:45]} Re8 {[%emt 0:00:08]} 23. Rad1 {[%emt 0:01:47]} Qe6 {[%emt 0:11:02]} 24. Qc2 {[%emt 0:07:19]} Nf5 {[%emt 0:06:41]} 25. g4 {[%emt 0:03:33]} Ng7 {[%emt 0:00:06]} 26. Rd6 {[%emt 0:04:48]} Qe7 {[%emt 0:00:36]} 27. Rxd7 {[%emt 0:09:33]} Qxd7 {[%emt 0:00:00]} 28. Ne5 {[%emt 0:00:06]} Qe6 {[%emt 0:05:52]} 29. Nxf7 {[%emt 0:02:17]} Kxf7 {[%emt 0:00:05]} 30. Qc5 {[%emt 0:07:55]} Qd5 {[%emt 0:01:33]} 31. Qb4 {[%emt 0:02:56]} Re7 {[%emt 0:02:15]} 32. Bd6 {[%emt 0:02:31]} a5 {[%emt 0:00:46]} 33. Qa3 {[%emt 0:01:59]} Rd7 {[%emt 0:00:47]} 34. Bc5 {[%emt 0:02:30]} Ne6 {[%emt 0:00:26]} 35. Bb6 {[%emt 0:02:27]} Nf4 {[%emt 0:01:47]} 36. Qxa5 {[%emt 0:03:43]} Nxh3+ {[%emt 0:00:19]} 37. Kh2 {[%emt 0:01:44]} Qxa5 {[%emt 0:03:07]} 38. Bxa5 {[%emt 0:00:02]} Nxf2 {[%emt 0:00:07]} 39. Rf1 {[%emt 0:04:32]} e3 {[%emt 0:00:06]} 40. Be1 {[%emt 0:00:00]} Rd1 {[%emt 0:00:00]} 41. Kg2 {[%emt 0:03:12]} Kg6 {[%emt 0:03:37]} 42. Bxf2 {[%emt 0:02:54]} Rxf1 {[%emt 0:00:08]} 43. Kxf1 {[%emt 0:00:45]} exf2 {[%emt 0:00:04]} 44. Kxf2 {[%emt 0:00:02]} h5 {[%emt 0:00:08]} 45. gxh5+ {[%emt 0:00:06]} Kxh5 {[%emt 0:00:04]} 46. Kg3 {[%emt 0:00:25]} c5 {[%emt 0:05:23]} 47. b3 {[%emt 0:02:07]} g4 {[%emt 0:00:08]} 48. Kf2 {[%emt 0:04:23]} Kh4 {[%emt 0:01:09]} 49. Kg2 {[%emt 0:00:25]} g3 {[%emt 0:00:07]} 50. Kg1 {[%emt 0:00:37]} Kh3 {[%emt 0:00:40]} 51. Kh1 {[%emt 0:00:30]} b5 {[%emt 0:01:24]} 52. Kg1 {[%emt 0:00:14]} c4 {[%emt 0:00:05]} 53. a4 {[%emt 0:01:27]} cxb3 {[%emt 0:00:19]} 0-1

[Event "22nd ETCC Women 2019"]
[Site "Batumi"]
[Date "2019.10.28"]
[Round "5.3"]
[White "Gunina, Valentina"]
[Black "Lazarne Vajda, Szidonia"]
[Result "1-0"]
[WhiteElo "2509"]
[BlackElo "2353"]
[Annotator "ChessBase"]
[PlyCount "53"]
[EventDate "2019.10.24"]
[EventType "team-tourn"]
[EventCountry "GEO"]
[SourceTitle "playchess.com"]
[Source "ChessBase"]
[SourceQuality "1"]
[WhiteTeam "Russia"]
[BlackTeam "Hungary"]
[WhiteTeamCountry "RUS"]
[BlackTeamCountry "HUN"]
[TimeControl "40/5400+30:1800+30"]

1. e4 {[%emt 0:00:00]} c5 {[%emt 0:00:12]} 2. Nf3 {[%emt 0:00:00]} Nc6 {[%emt 0:00:26]} 3. d4 {[%emt 0:00:48]} cxd4 {[%emt 0:00:14]} 4. Nxd4 {[%emt 0:00:05]} g6 {[%emt 0:01:57]} 5. c4 {[%emt 0:10:40]} Bg7 {[%emt 0:01:45]} 6. Be3 {[%emt 0:00:36]} Nf6 {[%emt 0:00:52]} 7. f3 {[%emt 0:04:16]} O-O {[%emt 0:03:17]} 8. Nc3 {[%emt 0:01:07]} d6 {[%emt 0:03:01]} 9. Qd2 {[%emt 0:04:45]} Bd7 {[%emt 0:04:11]} 10. Be2 {[%emt 0:00:46]} Qa5 {[%emt 0:06:54]} 11. O-O {[%emt 0:01:42]} Rfc8 {[%emt 0:01:00]} 12. Rac1 {[%emt 0:01:55]} Nxd4 {[%emt 0:16:04]} 13. Bxd4 {[%emt 0:00:55]} Ne8 {[%emt 0:01:01]} 14. Be3 {[%emt 0:01:55]} Be6 {[%emt 0:09:50]} 15. b3 {[%emt 0:03:22]} a6 {[%emt 0:05:42]} 16. f4 {[%emt 0:03:10]} Bxc3 {[%emt 0:09:15]} 17. Rxc3 {[%emt 0:01:22]} Nf6 {[%emt 0:05:15]} 18. Bd3 {[%emt 0:08:53]} b5 {[%emt 0:05:38]} 19. f5 {[%emt 0:02:25]} Bd7 {[%emt 0:00:07]} 20. Bd4 {[%emt 0:01:50]} bxc4 {[%emt 0:05:16]} 21. fxg6 {[%emt 0:01:36]} hxg6 {[%emt 0:00:31]} 22. Bxc4 {[%emt 0:01:10]} Bb5 {[%emt 0:07:35]} 23. Qh6 {[%emt 0:02:00]} Bxc4 {[%emt 0:09:34]} 24. Rh3 {[%emt 0:00:37]} Qh5 {[%emt 0:01:38]} 25. Rxh5 {[%emt 0:00:07]} gxh5 {[%emt 0:00:11]} 26. Rxf6 {[%emt 0:00:08]} exf6 {[%emt 0:00:36]} 27. Bxf6 {[%emt 0:00:06]} 1-0

[Event "22nd ETCC Women 2019"]
[Site "Batumi"]
[Date "2019.10.28"]
[Round "5.3"]
[White "Makropoulou, Marina"]
[Black "Donghvani, Nia"]
[Result "1/2-1/2"]
[WhiteElo "2201"]
[BlackElo "1903"]
[Annotator "NA"]
[PlyCount "100"]
[EventDate "2019.10.24"]
[EventType "team-tourn"]
[EventCountry "GEO"]
[SourceTitle "playchess.com"]
[Source "ChessBase"]
[SourceQuality "1"]
[WhiteTeam "Greece"]
[BlackTeam "Georgia"]
[WhiteTeamCountry "GRE"]
[BlackTeamCountry "GEO"]
[TimeControl "40/5400+30:1800+30"]

1. e4 {[%emt 0:00:00]} c5 {[%emt 0:00:00]} 2. Nf3 {[%emt 0:00:22]} d6 {[%emt 0:00:00]} 3. Bb5+ Nd7 {[%emt 0:00:00]} 4. d4 {[%emt 0:04:59]} cxd4 {[%emt 0:00:09]} 5. Nxd4 {[%emt 0:01:11]} Ngf6 {[%emt 0:04:06]} 6. O-O {[%emt 0:08:16]} a6 {[%emt 0:02:11]} 7. Bxd7+ {[%emt 0:02:59]} Bxd7 {[%emt 0:00:36]} 8. Re1 {[%emt 0:01:23]} e5 {[%emt 0:04:29]} 9. Nf5 {[%emt 0:01:55]} Nxe4 {[%emt 0:18:38]} 10. Nxg7+ {[%emt 0:06:46]} Bxg7 {[%emt 0:00:05]} 11. Rxe4 {[%emt 0:00:05]} Bf5 {[%emt 0:08:51]} 12. Re1 {[%emt 0:01:18]} O-O {[%emt 0:03:11]} 13. Nc3 {[%emt 0:00:18]} Rc8 {[%emt 0:04:26]} 14. a4 {[%emt 0:02:08]} Qd7 {[%emt 0:07:48]} 15. Be3 {[%emt 0:02:59]} Rc4 {[%emt 0:06:05]} 16. Re2 {[%emt 0:09:41]} Rg4 {[%emt 0:06:12]} 17. Rd2 {[%emt 0:11:51]} Rg6 {[%emt 0:01:21]} 18. f3 {[%emt 0:04:01]} Re8 {[%emt 0:06:33]} 19. Ne4 {[%emt 0:13:19]} Bxe4 {[%emt 0:07:18]} 20. fxe4 {[%emt 0:00:05]} Qg4 {[%emt 0:00:36]} 21. Qxg4 {[%emt 0:01:04]} Rxg4 {[%emt 0:00:56]} 22. Rxd6 {[%emt 0:01:46]} Rxe4 {[%emt 0:00:04]} 23. Bd2 {[%emt 0:05:41]} Rc4 {[%emt 0:08:17]} 24. c3 {[%emt 0:01:07]} e4 {[%emt 0:02:36]} 25. Be3 {[%emt 0:01:24]} Be5 {[%emt 0:03:57]} 26. Rd7 {[%emt 0:00:23]} b5 {[%emt 0:00:37]} 27. axb5 {[%emt 0:06:16]} axb5 {[%emt 0:00:04]} 28. Raa7 {[%emt 0:00:17]} f5 {[%emt 0:02:17]} 29. g3 {[%emt 0:01:41]} b4 {[%emt 0:01:14]} 30. Bd4 {[%emt 0:06:19]} Bxd4+ {[%emt 0:01:13]} 31. cxd4 {[%emt 0:00:01]} Rc1+ {[%emt 0:00:45]} 32. Kg2 {[%emt 0:00:11]} Rc2+ {[%emt 0:00:22]} 33. Kh3 {[%emt 0:00:40]} Rxb2 {[%emt 0:00:53]} 34. Rg7+ {[%emt 0:04:59]} Kh8 {[%emt 0:00:05]} 35. Rxh7+ {[%emt 0:00:10]} Kg8 {[%emt 0:00:05]} 36. Rag7+ {[%emt 0:00:20]} Kf8 {[%emt 0:00:07]} 37. Rf7+ {[%emt 0:01:21]} Kg8 {[%emt 0:00:06]} 38. Rhg7+ {[%emt 0:00:13]} Kh8 {[%emt 0:00:08]} 39. Rh7+ {[%emt 0:00:32]} Kg8 {[%emt 0:00:06]} 40. Rfg7+ {[%emt 0:00:00]} Kf8 {[%emt 0:00:00]} 41. d5 {[%emt 0:01:10]} Rd2 {[%emt 0:03:47]} 42. Rd7 {[%emt 0:03:49]} Kg8 {[%emt 0:00:06]} 43. d6 {[%emt 0:00:26]} Rxd6 {[%emt 0:01:32]} 44. Rhg7+ {[%emt 0:00:09]} Kh8 {[%emt 0:00:04]} 45. Rh7+ {[%emt 0:00:03]} Kg8 {[%emt 0:00:04]} 46. Rdg7+ {[%emt 0:00:21]} Kf8 {[%emt 0:00:10]} 47. Rf7+ {[%emt 0:00:27]} Kg8 {[%emt 0:00:07]} 48. Rfg7+ {[%emt 0:00:05]} Kf8 {[%emt 0:00:10]} 49. Rf7+ {[%emt 0:00:09]} Kg8 {[%emt 0:00:04]} 50. Rfg7+ {[%emt 0:00:13]} Kf8 {[%emt 0:00:05]} 1/2-1/2

[Event "22nd ETCC Women 2019"]
[Site "Batumi"]
[Date "2019.10.28"]
[Round "5.4"]
[White "Gara, Ticia"]
[Black "Kashlinskaya, Alina"]
[Result "1/2-1/2"]
[WhiteElo "2322"]
[BlackElo "2481"]
[Annotator "ChessBase"]
[PlyCount "83"]
[EventDate "2019.10.24"]
[EventType "team-tourn"]
[EventCountry "GEO"]
[SourceTitle "playchess.com"]
[Source "ChessBase"]
[SourceQuality "1"]
[WhiteTeam "Hungary"]
[BlackTeam "Russia"]
[WhiteTeamCountry "HUN"]
[BlackTeamCountry "RUS"]
[TimeControl "40/5400+30:1800+30"]

1. e4 {[%emt 0:00:00]} e6 {[%emt 0:00:00]} 2. d4 {[%emt 0:00:00]} d5 {[%emt 0:00:00]} 3. Nd2 {[%emt 0:00:07]} c5 {[%emt 0:00:00]} 4. exd5 {[%emt 0:00:46]} Qxd5 {[%emt 0:00:10]} 5. Ngf3 {[%emt 0:00:36]} cxd4 {[%emt 0:00:14]} 6. Bc4 {[%emt 0:00:36]} Qd7 {[%emt 0:00:18]} 7. O-O {[%emt 0:00:52]} Nc6 {[%emt 0:00:12]} 8. Nb3 {[%emt 0:00:52]} Nf6 {[%emt 0:00:26]} 9. Nbxd4 {[%emt 0:01:13]} Nxd4 {[%emt 0:00:18]} 10. Nxd4 {[%emt 0:00:08]} a6 {[%emt 0:00:16]} 11. Re1 {[%emt 0:00:25]} Qc7 {[%emt 0:01:04]} 12. Bf1 {[%emt 0:00:23]} Be7 {[%emt 0:01:57]} 13. Qf3 {[%emt 0:01:22]} O-O {[%emt 0:04:12]} 14. Bf4 {[%emt 0:00:34]} Bd6 {[%emt 0:09:50]} 15. Bxd6 {[%emt 0:01:12]} Qxd6 {[%emt 0:00:06]} 16. Rad1 {[%emt 0:00:06]} Qc7 {[%emt 0:06:23]} 17. Qg3 {[%emt 0:06:50]} Qb6 {[%emt 0:18:29]} 18. b3 {[%emt 0:14:27]} Bd7 {[%emt 0:00:38]} 19. Nf3 {[%emt 0:00:49]} Bc6 {[%emt 0:07:21]} 20. Ne5 {[%emt 0:01:36]} Rad8 {[%emt 0:00:36]} 21. Nxc6 {[%emt 0:07:24]} Qxc6 {[%emt 0:00:11]} 22. c4 {[%emt 0:00:18]} h6 {[%emt 0:06:12]} 23. Be2 {[%emt 0:04:58]} Qc5 {[%emt 0:01:16]} 24. Qe3 {[%emt 0:09:12]} Qb4 {[%emt 0:17:03]} 25. Bf3 {[%emt 0:01:23]} a5 {[%emt 0:01:31]} 26. Qa7 {[%emt 0:07:55]} Rd7 {[%emt 0:02:30]} 27. Kf1 {[%emt 0:19:54]} Rfd8 {[%emt 0:00:43]} 28. Rxd7 {[%emt 0:01:43]} Rxd7 {[%emt 0:00:11]} 29. g3 {[%emt 0:02:26]} b6 {[%emt 0:09:02]} 30. Qb8+ {[%emt 0:02:42]} Kh7 {[%emt 0:00:03]} 31. Rd1 {[%emt 0:00:26]} Rxd1+ {[%emt 0:06:56]} 32. Bxd1 {[%emt 0:00:03]} Qd2 {[%emt 0:00:12]} 33. Bf3 {[%emt 0:00:23]} Qd4 {[%emt 0:00:13]} 34. Qb7 {[%emt 0:04:30]} Kg6 {[%emt 0:01:20]} 35. h4 {[%emt 0:00:55]} h5 {[%emt 0:00:14]} 36. Kg2 {[%emt 0:00:51]} e5 {[%emt 0:03:38]} 37. Bd5 {[%emt 0:00:18]} Nxd5 {[%emt 0:00:05]} 38. cxd5 {[%emt 0:00:16]} Qe4+ {[%emt 0:00:06]} 39. Kh2 {[%emt 0:01:05]} Qd4 {[%emt 0:00:08]} 40. Kg2 {[%emt 0:00:00]} Qe4+ {[%emt 0:00:00]} 41. Kh2 {[%emt 0:03:02]} Qd4 {[%emt 0:00:29]} 42. Kg2 {[%emt 0:00:26]} 1/2-1/2

[Event "22nd ETCC Women 2019"]
[Site "Batumi"]
[Date "2019.10.28"]
[Round "5.4"]
[White "Lomaia, Diana"]
[Black "Makka, Ioulia"]
[Result "1/2-1/2"]
[WhiteElo "1861"]
[BlackElo "2048"]
[Annotator "NA RC"]
[PlyCount "118"]
[EventDate "2019.10.24"]
[EventType "team-tourn"]
[EventCountry "GEO"]
[SourceTitle "playchess.com"]
[Source "ChessBase"]
[SourceQuality "1"]
[WhiteTeam "Georgia"]
[BlackTeam "Greece"]
[WhiteTeamCountry "GEO"]
[BlackTeamCountry "GRE"]
[TimeControl "40/5400+30:1800+30"]

1. d4 {[%emt 0:00:00]} Nf6 {[%emt 0:00:00]} 2. c4 {[%emt 0:00:00]} e6 {[%emt 0:00:00]} 3. g3 {[%emt 0:00:03]} Bb4+ {[%emt 0:01:32]} 4. Bd2 {[%emt 0:00:55]} Qe7 {[%emt 0:00:16]} 5. Nf3 {[%emt 0:01:41]} O-O {[%emt 0:03:07]} 6. Bg2 {[%emt 0:02:20]} Nc6 {[%emt 0:06:36]} 7. Nc3 {[%emt 0:01:52]} Bxc3 {[%emt 0:06:53]} 8. Bxc3 {[%emt 0:00:26]} Ne4 {[%emt 0:01:50]} 9. Rc1 {[%emt 0:01:55]} d5 {[%emt 0:09:09]} 10. O-O {[%emt 0:05:06]} b6 {[%emt 0:26:29]} 11. Qb3 {[%emt 0:16:34]} Nxc3 {[%emt 0:05:39]} 12. Qxc3 {[%emt 0:00:55]} Bb7 {[%emt 0:00:38]} 13. Rfd1 {[%emt 0:01:29]} Nb4 {[%emt 0:07:04]} 14. Qb3 {[%emt 0:21:01]} dxc4 {[%emt 0:02:57]} 15. Rxc4 {[%emt 0:02:16]} a5 {[%emt 0:01:09]} 16. Ne5 {[%emt 0:02:06]} Bxg2 {[%emt 0:07:21]} 17. Kxg2 {[%emt 0:01:36]} Qd6 {[%emt 0:00:57]} 18. a3 {[%emt 0:05:56]} Na6 {[%emt 0:07:18]} 19. Rc6 {[%emt 0:10:02]} Qe7 {[%emt 0:01:24]} 20. Qf3 {[%emt 0:07:49]} Rad8 {[%emt 0:03:14]} 21. Rc3 {[%emt 0:05:09]} Rd6 {[%emt 0:01:27]} 22. Nc6 {[%emt 0:04:30]} Qd7 {[%emt 0:00:44]} 23. b4 {[%emt 0:01:01]} axb4 {[%emt 0:00:38]} 24. axb4 {[%emt 0:00:12]} Nb8 {[%emt 0:00:49]} 25. Ne5 {[%emt 0:02:24]} Qa4 {[%emt 0:00:59]} 26. Rdc1 {[%emt 0:01:17]} Na6 {[%emt 0:02:30]} 27. Nc6 {[%emt 0:01:34]} Qb5 {[%emt 0:01:02]} 28. Qd3 {[%emt 0:01:45]} Qxd3 {[%emt 0:00:36]} 29. Rxd3 {[%emt 0:00:30]} Rxc6 {[%emt 0:01:14]} 30. Rxc6 {[%emt 0:00:09]} Nxb4 {[%emt 0:00:08]} 31. Rxc7 {[%emt 0:00:10]} Nxd3 {[%emt 0:00:10]} 32. exd3 {[%emt 0:00:01]} Rb8 {[%emt 0:00:44]} 33. Rc4 {[%emt 0:00:10]} b5 {[%emt 0:00:54]} 34. Rb4 {[%emt 0:00:01]} Kf8 {[%emt 0:00:15]} 35. Kf3 {[%emt 0:00:12]} Ke7 {[%emt 0:00:09]} 36. Ke4 {[%emt 0:00:47]} Kd6 {[%emt 0:00:38]} 37. f4 {[%emt 0:01:56]} f5+ {[%emt 0:00:41]} 38. Ke3 {[%emt 0:00:56]} Kc6 39. Kd2 Ra8 {[%emt 0:01:30]} 40. Rb2 {[%emt 0:00:00]} Ra4 {[%emt 0:00:00]} 41. Kc3 {[%emt 0:13:19]} Ra3+ 42. Kd2 Kb6 {[%emt 0:07:12]} 43. Ke3 {[%emt 0:03:04]} Ka5 44. Rc2 b4 {[%emt 0:12:01]} 45. Rc8 {[%emt 0:11:14]} Rc3 {[%emt 0:07:47]} 46. Ra8+ {[%emt 0:01:04]} Kb5 {[%emt 0:00:18]} 47. d5 {[%emt 0:02:50]} exd5 {[%emt 0:00:58]} 48. Kd4 {[%emt 0:00:01]} Ra3 {[%emt 0:03:37]} 49. Rc8 {[%emt 0:01:21]} Ka4 {[%emt 0:00:37]} 50. Rc7 {[%emt 0:00:15]} Kb3 {[%emt 0:00:57]} 51. Kxd5 {[%emt 0:02:09]} Ka2 {[%emt 0:00:39]} 52. Rc2+ {[%emt 0:02:36]} Kb1 {[%emt 0:01:12]} 53. Rf2 {[%emt 0:00:21]} b3 {[%emt 0:00:57]} 54. Ke6 {[%emt 0:01:12]} Ra2 {[%emt 0:01:17]} 55. Rf1+ {[%emt 0:00:17]} Kc2 {[%emt 0:00:13]} 56. d4 {[%emt 0:00:14]} b2 {[%emt 0:00:49]} 57. d5 {[%emt 0:00:17]} Kc3 {[%emt 0:00:32]} 58. Rb1 {[%emt 0:00:39]} Ra1 {[%emt 0:00:39]} 59. Rxb2 {[%emt 0:00:08]} Kxb2 {[%emt 0:00:16]} 1/2-1/2

[Event "22nd ETCC Women 2019"]
[Site "Batumi"]
[Date "2019.10.28"]
[Round "5.5"]
[White "Dzagnidze, Nana"]
[Black "Mkrtchian, Lilit"]
[Result "1/2-1/2"]
[WhiteElo "2502"]
[BlackElo "2402"]
[Annotator "TA"]
[PlyCount "119"]
[EventDate "2019.10.24"]
[EventType "team-tourn"]
[EventCountry "GEO"]
[SourceTitle "playchess.com"]
[Source "ChessBase"]
[SourceQuality "1"]
[WhiteTeam "Georgia"]
[BlackTeam "Armenia"]
[WhiteTeamCountry "GEO"]
[BlackTeamCountry "ARM"]

{[%evp 19,119,0,0,8,11,4,37,36,45,-20,-21,-25,0,-39,-41,-91,-73,-60,-29,-43,-24,-40,0,-16,-16,-18,-11,-32,-27,-33,-27,-127,-119,-122,-88,-87,-45,-45,-45,-47,-42,-55,-55,-56,-56,-56,-56,-56,-56,-57,-57,-57,-56,-57,-56,-57,-48,-57,-56,-57,-8,-55,-55,-55,-55,-55,-55,-55,-48,-55,-55,-125,-125,-125,-125,-125,-125,-125,-125,-125,-55,-55,-55,-55,-8,-55,-45,-55,-45,-55,-55,-55,-55,-55,-55,-55,0,0,0,-55,-55,-55]} 1. c4 c6 2. d4 d5 3. cxd5 cxd5 4. Bf4 Nc6 5. e3 Nf6 6. Nc3 Bf5 7. Bb5 e6 8. Nf3 Nd7 9. O-O Rc8 (9... Be7 10. Rc1 {½-½ (10) Gledura,B (2621)-Banusz,T (2612) Budapest 2018}) 10. Rc1 Be7 11. Na4 {D14: Slav Defence: Exchange variation with ...Bf5} g5 12. Be5 f6 13. Bg3 $1 {White is slightly better.} Qa5 $146 ({Predecessor:} 13... h5 14. h4 Bg4 15. Be2 a6 16. Nc3 Bxf3 17. Bxf3 g4 18. Bxd5 exd5 19. Nxd5 {0-1 (41) Farnik,K (1837)-Ottaviani,M (2014) IECG email 2006}) 14. Bxc6 (14. Be2 $14) 14... Rxc6 $11 15. Rxc6 bxc6 16. a3 Qb5 17. b4 a5 18. Nc5 axb4 19. axb4 Qxb4 20. Qa1 $1 {[%cal Ra1a8]} Nxc5 21. Qa8+ {[%mdl 64] [#] Double Attack} Bd8 {aiming for ...Nb7.} 22. dxc5 Qxc5 {...e5 is the strong threat.} 23. Bc7 O-O 24. Bxd8 {And now Nd4 would win.} Qd6 25. Nd4 (25. Be7 $1 $11 Qxe7 26. Qxc6) 25... Rxd8 $17 26. Qxc6 Qxc6 27. Nxc6 {[%mdl 4096] Endgame KRB-KRN} Rd7 (27... Re8 {is more complex.} 28. Ra1 Kf8 29. f3 Bd3 30. Ra7 h5) 28. Nd4 Kf7 29. Nxf5 exf5 $15 {KR-KR} 30. f4 Ke6 31. g3 d4 32. Re1 dxe3 33. Rxe3+ Kf7 34. Rf3 Kg6 35. Rf2 Rd4 36. Kg2 Rd3 37. h3 Rc3 38. Kh2 Rc4 39. Kg2 gxf4 40. gxf4 Kh5 41. Kg3 Rc7 42. Rf3 Rg7+ 43. Kf2 Kh4 44. Ra3 Rb7 45. Rf3 (45. Ra5 $1 $15) 45... Rb2+ $17 46. Kg1 Ra2 47. Rb3 Kh5 48. Rg3 Ra4 49. Rf3 Kg6 (49... Kh4 $17 50. Kg2 h5) 50. Kg2 Kf7 51. Kg3 $1 Ke6 52. Rd3 Rb4 53. Kf3 Rb6 54. Kg3 Rd6 55. Re3+ Kf7 56. Kf3 Re6 57. Kf2 Ke7 ({Black should play} 57... Re4 $15 58. Kf3 Rb4) 58. Ra3 Kf7 (58... Re4 $11) 59. Re3 $1 $15 Ra6 60. Kf3 {Accuracy: White = 44%, Black = 60%.} 1/2-1/2